Normal view
MARC view
Entry Topical Term
001 - CONTROL NUMBER
- control field: 525988
003 - CONTROL NUMBER IDENTIFIER
- control field:
005 - DATE AND TIME OF LATEST TRANSACTION
- control field: 20210602171151.0
008 - FIXED-LENGTH DATA ELEMENTS
- fixed length control field: 210602|| aca||aabn | a|a d
040 ## - CATALOGING SOURCE
- Original cataloging agency:
- Transcribing agency:
150 ## - HEADING--TOPICAL TERM
- Topical term or geographic name entry element: Greece
- General subdivision: History,
- Chronological subdivision: 720-30 B.C.
- Form subdivision: Dictionaries
670 ## - SOURCE DATA FOUND
- Source citation: Work cat.: (): Historical dictionary of ancient Greek warfare/, c 2002
